00362nam a2200133Ia 4500003000400000008004100004020002700045040000800072100001800080245006500098260004100163300001200204365001200216LDD181029s9999 xx 000 0 und d a9781442236677cP 24.95 cLDD aMutari, Ellen 0aJust one more handblife in the casino economycEllen Mutari aNew YorkbRowman & Littlefieldc2015 axvi,263 bP 24.95